| 000 | 00784cam a2200277 i 4500 | ||
|---|---|---|---|
| 001 | 4172513 | ||
| 003 | mut | ||
| 005 | 20240606080939.0 | ||
| 008 | 790823s1980 nyu 001 0 eng | ||
| 010 | _a 79020683 | ||
| 020 | _a0471018635 | ||
| 040 |
_aDLC _cDLC _dDLC |
||
| 050 | 0 | 0 |
_aQA76.73.B3 _bK45 1980 |
| 082 | 0 | 0 | _a001.6/424 |
| 100 | 1 | _aKemeny, John G. | |
| 245 | 1 | 0 | _aBasic programming / |
| 250 | _a3d ed. | ||
| 260 |
_aNew York : _bWiley, _cc1980. |
||
| 300 |
_ax, 334 p. ; _c28 cm. |
||
| 500 | _aIncludes indexes. | ||
| 650 | 0 | _aBASIC (Computer program language) | |
| 650 | 0 |
_aMathematics _xData processing. |
|
| 700 | 1 |
_aKurtz, Thomas E., _ejoint author. |
|
| 906 |
_a7 _bcbc _corignew _d1 _eocip _f19 _gy-gencatlg |
||
| 942 |
_2lcc _cBK |
||
| 999 |
_c4616 _d4616 |
||